Rodinná farma 5 - chov domácich zvierat

Gespeichert in:
Bibliographische Detailangaben
1. Verfasser: Kuchtová, Zuzana, 1989- (Verfasst von)
Weitere Verfasser: Mikolai, Imrich, 1954- (Betreuung Doktorarbeit)
Format: Manuskript Buch
Sprache:Slowakisch
Veröffentlicht: Bratislava : STU v Bratislave SvF, 2014
Schlagworte:
Online-Zugang:VAIS
Tags: Tag hinzufügen
Keine Tags, Fügen Sie das erste Tag hinzu!

MARC

LEADER 00000ntm a22000003a 4500
001 stu297510
005 20150617230312.0
008 140919s2014----xo------------------slo-d
040 |a STU  |b slo 
041 0 |a slo 
044 |a xo 
100 1 |a Kuchtová, Zuzana,  |d 1989-  |4 aut  |u V  |T SvF Stavebná fakulta  |X 58697  |U V  |Y 10  |7 A000058697 
242 0 0 |a Family farm 5 - Domestic animals breeding  |y eng 
245 1 |a Rodinná farma 5 - chov domácich zvierat 
260 |a Bratislava :  |b STU v Bratislave SvF,  |c 2014 
650 7 |a architektonické konštrukcie a projektovanie  |2 stusub 
650 7 |a Architectural Constructions and Design  |2 estusub 
700 1 |a Mikolai, Imrich,  |d 1954-  |4 ths  |u V180  |U SvF Stavebná fakulta  |T SvF Katedra konštrukcií pozemných stavieb  |X 774  |U V180  |Y 18  |7 A000000774 
856 4 |a info a plný text  |u http://is.stuba.sk/zp/portal_zp.pl?podrobnosti=100847  |3 VAIS